000 00642cab a2200229 4500
001 ABS56993
008 090401t1997 xxu||||| |||| 00| 0 eng d
035 _a(Sirsi) u98388
041 _aeng
100 _aLuba, J.
245 _aRepairs round-up
260 _c1997
350 _a0
490 _aLegal Action
_vMay 1997, 18-22(5)
520 _aA round-up of case law developments relating to disrepair, since March 1996. Covers civil proceedings: quantum and liability as well as criminal proceedings.
650 _aCASE LAW
650 _aHOUSING
650 _aREPAIRS
690 _aHOUSING
942 _n0
948 _c23/05/1997
999 _c59787
_d59787